书目信息 |
| 题名: |
建设工程实用绿色建筑材料
|
|
| 作者: | 伍卫东 , 兰道银 , 唐文坚 主编 | |
| 分册: | ||
| 出版信息: | 北京 中国环境出版社 2013 |
|
| 页数: | 152页 | |
| 开本: | 26cm | |
| 丛书名: | ||
| 单 册: | ||
| 中图分类: | TU5 | |
| 科图分类: | ||
| 主题词: | 建筑材料 , 无污染技术 , 建筑材料--无污染技术 | |
| 电子资源: | ||
| ISBN: | 978-7-5111-1485-3 | |
| 000 | 01029nam0 2200265 450 | |
| 001 | 142416 | |
| 005 | 20141221121409.25 | |
| 010 | @a978-7-5111-1485-3@dCNY 35.00 | |
| 100 | @a20130814d2013 em y0chiy50 ea | |
| 101 | 0 | @achi |
| 102 | @aCN@b110000 | |
| 105 | @aa z 000yy | |
| 200 | 1 | @a建设工程实用绿色建筑材料@9jian she gong cheng shi yong lv se jian zhu cai liao@b专著@f伍卫东,唐文坚,兰道银主编 |
| 210 | @a北京@c中国环境出版社@d2013 | |
| 215 | @a152页@c图@d26cm | |
| 330 | @a本书系统介绍了绿色建筑材料的发展历程、测试方法、种类等内容。内容包括:阐述了绿色建材的发展与趋势,介绍了绿色建筑材料的测试与评价方法、传统建筑材料的绿色化,以及绿色墙体材料、绿色保温隔热材料、绿色防水材料、绿色装饰装修材料的性能和使用等。 | |
| 606 | 0 | @a建筑材料 |
| 606 | 0 | @a无污染技术 |
| 606 | 0 | @a建筑材料@x无污染技术 |
| 690 | @aTU5@v5 | |
| 701 | 0 | @a伍卫东@9wu wei dong@c(工程审理)@4主编 |
| 701 | 0 | @a兰道银@9lan dao yin@4主编 |
| 701 | 0 | @a唐文坚@9tang wen jian@f(1974 )@4主编 |
| 801 | 0 | @c20141221 |
| 905 | @a241430@dTU5@eW944 | |
| 建设工程实用绿色建筑材料/伍卫东,唐文坚,兰道银主编.-北京:中国环境出版社,2013 |
| 152页:图;26cm |
| ISBN 978-7-5111-1485-3:CNY 35.00 |
| 本书系统介绍了绿色建筑材料的发展历程、测试方法、种类等内容。内容包括:阐述了绿色建材的发展与趋势,介绍了绿色建筑材料的测试与评价方法、传统建筑材料的绿色化,以及绿色墙体材料、绿色保温隔热材料、绿色防水材料、绿色装饰装修材料的性能和使用等。 |
| ● |
| 相关链接 |
|
|
|
正题名:建设工程实用绿色建筑材料
索取号:TU5/W944
 
预约/预借
| 序号 | 登录号 | 条形码 | 馆藏地/架位号 | 状态 | 备注 |
| 1 | 1134859 | 211348594 | 建筑库201/201建筑库 2排4列3层/ [索取号:TU5/W944] | 在馆 | |
| 2 | 1134860 | 211348601 | 建筑库201/201建筑库 2排4列3层/ [索取号:TU5/W944] | 在馆 | |
| 3 | 1134861 | 211348610 | 建筑库201/201建筑库 2排4列3层/ [索取号:TU5/W944] | 在馆 |